[Event "II Festival il Mare d'Inverno A"]
[Site "Gabicce Mare ITA"]
[Date "2013.01.05"]
[Round "6"]
[White "Mondal, Prince"]
[Black "Sanguinetti, Edoardo"]
[WhiteElo "1938"]
[BlackElo "1986"]
[Result "0-1"]
[PlyCount "116"]
[EventDate "2013.01.02"]

1. e4 e6 2. d4 d5 3. Nc3 Nf6 4. Bg5 Be7 5. e5 Nfd7 6. Bxe7 Qxe7 7. f4 O-O 8.
Nf3 c5 9. Qd2 Nc6 10. Be2 a6 11. Nd1 cxd4 12. Nxd4 Ndxe5 13. O-O Nxd4 14. Qxd4
Nc6 15. Qf2 Bd7 16. Ne3 Rac8 17. c3 Qc5 18. Rad1 Ne7 19. Bd3 Bb5 20. Bxb5 Qxb5
21. f5 exf5 22. a4 Qb3 23. Nxf5 Nxf5 24. Qxf5 Qxb2 25. Rb1 Qxc3 26. Rxb7 Qe3+
27. Kh1 Qe6 28. Qd3 Rc4 29. a5 Rc6 30. Rfb1 Rfc8 31. Rb8 Rxb8 32. Rxb8+ Rc8 33.
Rb1 g6 34. h3 Qe4 35. Qb3 d4 36. Rf1 Qe6 37. Qd3 Qc4 38. Rd1 Qxd3 39. Rxd3 Rc1+
40. Kh2 Ra1 41. Rxd4 Rxa5 42. Rd8+ Kg7 43. Ra8 Ra3 44. g3 Ra2+ 45. Kg1 Kf6 46.
g4 h5 47. gxh5 gxh5 48. h4 Kf5 49. Rg8 f6 50. Kf1 Ra4 51. Ra8 Kg4 52. Rf8 f5
53. Rf6 f4 54. Rg6+ Kxh4 55. Kf2 Ra3 56. Rg1 a5 57. Ke2 a4 58. Kd2 f3 0-1

[Event "II Festival il Mare d'Inverno A"]
[Site "Gabicce Mare ITA"]
[Date "2013.01.05"]
[Round "6"]
[White "Moroni, Luca jr"]
[Black "Szabo, Bence"]
[WhiteElo "2161"]
[BlackElo "2366"]
[Result "0-1"]
[PlyCount "116"]
[EventDate "2013.01.02"]

1. Nf3 Nf6 2. c4 c5 3. d4 cxd4 4. Nxd4 e6 5. Nc3 Nc6 6. g3 Qb6 7. Nc2 Bc5 8. e3
d5 9. cxd5 exd5 10. Bg2 Be6 11. O-O Be7 12. Nd4 Nxd4 13. Qxd4 Qxd4 14. exd4 O-O
15. Bg5 Rfd8 16. Rac1 h6 17. Bxf6 Bxf6 18. Ne2 Rac8 19. b3 Bg4 20. Nf4 Bxd4 21.
Nxd5 Rxc1 22. Rxc1 Re8 23. h3 Bf5 24. Rd1 Bc5 25. Rd2 b6 26. Kh2 Re1 27. Bf3
Rc1 28. Kg2 Kf8 29. b4 Be7 30. Nxe7 Kxe7 31. Rd4 Be6 32. a4 Ra1 33. Bc6 Rc1 34.
Bb5 Kf6 35. g4 Ke5 36. Rd8 Rb1 37. Kg3 Rb3+ 38. Kh2 h5 39. Ra8 hxg4 40. hxg4
Rxb4 41. Rxa7 Rxg4 42. Ra6 Bd5 43. Rxb6 Rg2+ 44. Kh3 Rxf2 45. a5 Kf4 46. Bd7
Rf1 47. Rb2 g5 48. Rh2 Rf3+ 49. Kg2 Ra3+ 50. Kf2 Rxa5 51. Rh6 Ra2+ 52. Kf1 f5
53. Rf6 Be4 54. Bb5 g4 55. Kg1 Ra1+ 56. Bf1 Bd3 57. Rg6 Rxf1+ 58. Kg2 Ra1 0-1

[Event "II Festival il Mare d'Inverno A"]
[Site "Gabicce Mare ITA"]
[Date "2013.01.05"]
[Round "6"]
[White "Rambaldi, Francesco"]
[Black "Calavalle, Giulio"]
[WhiteElo "2310"]
[BlackElo "2199"]
[Result "1-0"]
[PlyCount "51"]
[EventDate "2013.01.02"]

1. e4 c5 2. Nf3 Nc6 3. Bb5 g6 4. Bxc6 bxc6 5. O-O d6 6. Re1 e5 7. c3 Bg7 8. d4
cxd4 9. cxd4 exd4 10. Nxd4 Ne7 11. Nc3 O-O 12. Bg5 f6 13. Bf4 Kh8 14. Qd2 Qd7
15. Rad1 d5 16. e5 fxe5 17. Bxe5 Bxe5 18. Rxe5 Qd6 19. Rde1 Ng8 20. Ne6 Rf6 21.
Qd4 c5 22. Nxc5 Bf5 23. Rxd5 Qb6 24. g4 Bxg4 25. Qxg4 Qxb2 26. Qd4 1-0

[Event "II Festival il Mare d'Inverno A"]
[Site "Gabicce Mare ITA"]
[Date "2013.01.05"]
[Round "6"]
[White "Rigo, Gianfrancesco"]
[Black "Rebeggiani, Andrea"]
[WhiteElo "2022"]
[BlackElo "1912"]
[Result "1/2-1/2"]
[PlyCount "87"]
[EventDate "2013.01.02"]

1. e4 e5 2. Nf3 Nc6 3. d4 exd4 4. Bc4 Bc5 5. c3 Nf6 6. cxd4 Bb4+ 7. Bd2 Nxe4 8.
Bxb4 Nxb4 9. Bxf7+ Kxf7 10. Qb3+ d5 11. Qxb4 Rf8 12. O-O Kg8 13. Ne5 b6 14. f3
a5 15. Qb3 Ba6 16. Re1 a4 17. Qe3 Nd6 18. Na3 Nf5 19. Qf2 Qd6 20. Rac1 Rac8 21.
Nc6 Bc4 22. Nxc4 Qxc6 23. Ne5 Qb5 24. Nc6 Rce8 25. Qd2 Rxe1+ 26. Qxe1 Qxb2 27.
Qe6+ Kh8 28. Re1 h6 29. Qxd5 Qc3 30. Qe6 Nxd4 31. Qe7 Qc5 32. Qxc5 bxc5 33. Ne5
Rb8 34. h4 g5 35. Ng6+ Kg7 36. h5 Rb2 37. Re7+ Kf6 38. Rxc7 Ne6 39. Rc6 Rxa2
40. Nf8 Re2 41. Kf1 Kf7 42. Kxe2 Nd4+ 43. Kd3 Nxc6 44. Ng6 1/2-1/2

[Event "II Festival il Mare d'Inverno A"]
[Site "Gabicce Mare ITA"]
[Date "2013.12.05"]
[Round "7"]
[White "Altini, Daniele"]
[Black "Moroni, Luca jr"]
[WhiteElo "2283"]
[BlackElo "2161"]
[Result "0-1"]
[PlyCount "82"]
[EventDate "2013.01.02"]

1. d4 d5 2. Bf4 Nf6 3. e3 c5 4. dxc5 Nc6 5. Nf3 Qa5+ 6. c3 Qxc5 7. b4 Qb6 8.
Bd3 g6 9. a4 a5 10. b5 Nd8 11. Be5 Bg7 12. Bd4 Qd6 13. Nbd2 Bg4 14. e4 dxe4 15.
Nxe4 Qf4 16. Qd2 Ne6 17. Bxf6 Bxf6 18. Qxf4 Nxf4 19. Nxf6+ exf6 20. Be4 O-O-O
21. O-O f5 22. Bb1 Bxf3 23. gxf3 f6 24. Ba2 Rd3 25. c4 Rhd8 26. h4 Rxf3 27.
Rad1 Rxd1 28. Rxd1 Ra3 29. Rd2 Rxa4 30. c5 Rb4 31. b6 Rd4 32. Rc2 Kd7 33. Bg8
Kc6 34. Bf7 Re4 35. Bg8 Re5 36. Bxh7 Rxc5 37. Rb2 Rb5 38. Rc2+ Kxb6 39. Rc4 Rb4
40. Rc2 a4 41. h5 Nxh5 0-1

[Event "II Festival il Mare d'Inverno A"]
[Site "Gabicce Mare ITA"]
[Date "2013.01.05"]
[Round "7"]
[White "Bjerke, Silje"]
[Black "Caprio, Guido"]
[WhiteElo "2210"]
[BlackElo "2409"]
[Result "1/2-1/2"]
[PlyCount "24"]
[EventDate "2013.01.02"]

1. e4 e5 2. Nf3 Nc6 3. Bb5 Nf6 4. O-O Nxe4 5. Re1 Nd6 6. Nxe5 Be7 7. Bf1 Nxe5
8. Rxe5 O-O 9. d4 Bf6 10. Re1 Re8 11. c3 Rxe1 12. Qxe1 Qe7 1/2-1/2

[Event "II Festival il Mare d'Inverno A"]
[Site "Gabicce Mare ITA"]
[Date "2013.01.05"]
[Round "7"]
[White "Brancaleoni, Maurizio"]
[Black "Dionigi, Riccardo"]
[WhiteElo "2235"]
[BlackElo "1910"]
[Result "1-0"]
[PlyCount "63"]
[EventDate "2013.01.02"]

1. Nf3 Nf6 2. c4 e6 3. g3 d5 4. Bg2 Be7 5. O-O O-O 6. b3 b6 7. Bb2 Bb7 8. e3 c5
9. Nc3 Nbd7 10. Qe2 a6 11. Rac1 Rc8 12. Rfd1 Qc7 13. cxd5 Nxd5 14. Nxd5 Bxd5
15. e4 Bc6 16. d4 Qb7 17. d5 Bb5 18. Qd2 Nf6 19. a4 Bd7 20. d6 Bd8 21. Ne5 b5
22. Nxd7 Nxd7 23. e5 Qb6 24. Bf1 Rb8 25. a5 Qa7 26. b4 c4 27. Bd4 Qb7 28. Bg2
Qc8 29. Qe3 f6 30. exf6 Rxf6 31. Bxf6 Nxf6 32. d7 1-0

[Event "II Festival il Mare d'Inverno A"]
[Site "Gabicce Mare ITA"]
[Date "2013.01.05"]
[Round "7"]
[White "Buratti, Marco"]
[Black "Guglielmi, Dante"]
[WhiteElo "1991"]
[BlackElo "1917"]
[Result "1-0"]
[PlyCount "59"]
[EventDate "2013.01.02"]

1. e4 c5 2. Nc3 Nf6 3. Bc4 Nc6 4. d3 g6 5. Nge2 Bg7 6. O-O O-O 7. Bg5 h6 8. Bd2
Na5 9. e5 Ng4 10. f4 Nxc4 11. dxc4 h5 12. h3 Nh6 13. Be3 b6 14. Qd5 Rb8 15.
Rad1 Nf5 16. Bf2 Nd4 17. Nxd4 Bb7 18. Nc6 Bxc6 19. Qd3 e6 20. Nb5 Ra8 21. Nd6
Qc7 22. Bh4 a6 23. Qg3 b5 24. f5 exf5 25. Rxf5 Rae8 26. Nxe8 Rxe8 27. Rxf7 Kxf7
28. e6+ Rxe6 29. Qxc7 Re2 30. Rxd7+ 1-0

[Event "II Festival il Mare d'Inverno A"]
[Site "Gabicce Mare ITA"]
[Date "2013.01.05"]
[Round "7"]
[White "Calavalle, Giulio"]
[Black "Miracola, Massimiliano"]
[WhiteElo "2199"]
[BlackElo "2143"]
[Result "1-0"]
[PlyCount "79"]
[EventDate "2013.01.02"]

1. e4 c5 2. Nc3 Nc6 3. Nf3 d6 4. d4 cxd4 5. Nxd4 Nf6 6. Bg5 e6 7. Be2 Be7 8.
Qd2 O-O 9. O-O h6 10. Be3 a6 11. a4 Qc7 12. f3 Rd8 13. Nxc6 Qxc6 14. Bd3 d5 15.
exd5 Nxd5 16. Nxd5 Rxd5 17. Qf2 Bc5 18. Be4 Bxe3 19. Qxe3 Qc5 20. Qxc5 Rxc5 21.
Rfd1 f5 22. Rd8+ Kf7 23. Bd3 Rd5 24. Rxd5 exd5 25. Re1 Be6 26. b4 Kf6 27. Kf2
g5 28. Ke3 Bd7 29. Kd4 Bxa4 30. Re5 Bd7 31. Rxd5 Be6 32. Rd6 Rc8 33. c4 Rc7 34.
c5 Rd7 35. Rxd7 Bxd7 36. Kd5 Bc6+ 37. Kd6 h5 38. Bxa6 g4 39. Be2 h4 40. h3 1-0

[Event "II Festival il Mare d'Inverno A"]
[Site "Gabicce Mare ITA"]
[Date "2013.01.05"]
[Round "7"]
[White "Capaliku, Aleks"]
[Black "Formento, Paolo"]
[WhiteElo "2137"]
[BlackElo "2184"]
[Result "1/2-1/2"]
[PlyCount "41"]
[EventDate "2013.01.02"]

1. f4 d5 2. b3 Nf6 3. Nf3 Bg4 4. e3 e6 5. Bb2 Nbd7 6. Be2 Bxf3 7. Bxf3 Bd6 8.
O-O c6 9. Qe1 Qc7 10. d4 c5 11. Na3 a6 12. c3 Rc8 13. Nc2 O-O 14. g3 b5 15. Qe2
b4 16. dxc5 Nxc5 17. Nxb4 Qb6 18. Rfc1 a5 19. Nd3 Nxd3 20. Qxd3 e5 21. fxe5
1/2-1/2

[Event "II Festival il Mare d'Inverno A"]
[Site "Gabicce Mare ITA"]
[Date "2013.01.05"]
[Round "7"]
[White "Coronel, Joshua"]
[Black "Marsili, Riccardo"]
[WhiteElo "1943"]
[BlackElo "2100"]
[Result "0-1"]
[PlyCount "124"]
[EventDate "2013.01.02"]

1. e4 c5 2. Nf3 Nc6 3. d4 cxd4 4. Nxd4 g6 5. c4 Nf6 6. Nc3 Nxd4 7. Qxd4 d6 8.
Be2 Bg7 9. O-O O-O 10. Qd3 Be6 11. f3 Rc8 12. Nd5 Nd7 13. f4 Nb6 14. Qb3 Bd4+
15. Kh1 Qd7 16. Rb1 Bxd5 17. cxd5 Qa4 18. Qxa4 Nxa4 19. Bb5 Nc5 20. Re1 a6 21.
Bf1 Rc7 22. Bd2 Na4 23. b3 Nc3 24. Rbc1 Rfc8 25. a4 Nxe4 26. Rxc7 Nf2+ 27. Kg1
Rxc7 28. Be3 Bxe3 29. Rxe3 Ng4 30. Re1 Nf6 31. Rd1 Rc5 32. g3 Kf8 33. Bg2 Ke8
34. Rd2 Rc3 35. Rb2 Rd3 36. b4 Nxd5 37. b5 e6 38. bxa6 bxa6 39. Bf1 Rd1 40. Kf2
Nc7 41. Rb6 a5 42. Rb7 Rc1 43. Bb5+ Nxb5 44. axb5 Rb1 45. b6 a4 46. Rb8+ Ke7
47. h4 h5 48. Ra8 Rxb6 49. Rxa4 Kf6 50. Ra5 Rb3 51. Kg2 d5 52. Ra7 Rc3 53. Rd7
Rd3 54. Kf2 d4 55. Kg2 Rd1 56. Kf2 d3 57. Ke3 d2 58. Rd3 Kf5 59. Ke2 Rg1 60.
Kxd2 Kg4 61. Rd7 f6 62. Rg7 Kf5 0-1

[Event "II Festival il Mare d'Inverno A"]
[Site "Gabicce Mare ITA"]
[Date "2013.01.05"]
[Round "7"]
[White "Dobboletta, Alex"]
[Black "Pipitone, Antonio"]
[WhiteElo "1976"]
[BlackElo "1920"]
[Result "1-0"]
[PlyCount "47"]
[EventDate "2013.01.02"]

1. e4 c5 2. Nf3 d6 3. d4 cxd4 4. Nxd4 Nf6 5. Nc3 Nc6 6. Bg5 e6 7. Qd2 a6 8.
O-O-O h6 9. Be3 Qc7 10. f3 e5 11. Nb3 Be6 12. g4 Be7 13. h4 b5 14. Nd5 Bxd5 15.
exd5 Nd8 16. Kb1 Nb7 17. Bh3 g5 18. hxg5 hxg5 19. Bg2 Kd7 20. Bxg5 Nxd5 21.
Qxd5 Bxg5 22. f4 Rhc8 23. Qxf7+ Be7 24. Qf5+ 1-0

[Event "II Festival il Mare d'Inverno A"]
[Site "Gabicce Mare ITA"]
[Date "2013.01.05"]
[Round "7"]
[White "Drazic, Sinisa"]
[Black "Rambaldi, Francesco"]
[WhiteElo "2471"]
[BlackElo "2310"]
[Result "1/2-1/2"]
[PlyCount "76"]
[EventDate "2013.01.02"]

1. Nf3 c5 2. c4 Nc6 3. Nc3 e5 4. e3 Nf6 5. d4 e4 6. d5 exf3 7. dxc6 bxc6 8.
gxf3 d5 9. cxd5 cxd5 10. Bb5+ Bd7 11. Qa4 Rb8 12. Bxd7+ Qxd7 13. Qxd7+ Kxd7 14.
b3 Ke6 15. Bd2 c4 16. Ke2 Ba3 17. Rab1 cxb3 18. Rxb3 Rxb3 19. axb3 Rb8 20. Rb1
Nd7 21. Na4 Bb4 22. Bc1 Nc5 23. Nxc5+ Bxc5 24. Bd2 Bb4 25. Bxb4 Rxb4 26. Ra1
Rxb3 27. Ra6+ Rb6 28. Rxa7 g6 29. f4 h5 30. Kf3 Rc6 31. Ra8 Ke7 32. Kg3 Rb6 33.
h3 Rb4 34. Ra5 Ke6 35. Kf3 Rc4 36. Ra8 Ke7 37. Ke2 Rc2+ 38. Kf3 Rc4 1/2-1/2

[Event "II Festival il Mare d'Inverno A"]
[Site "Gabicce Mare ITA"]
[Date "2013.01.05"]
[Round "7"]
[White "Ferraguti, Francesco"]
[Black "Rigo, Gianfrancesco"]
[WhiteElo "1925"]
[BlackElo "2022"]
[Result "1/2-1/2"]
[PlyCount "155"]
[EventDate "2013.01.02"]

1. d4 Nf6 2. c4 e6 3. Nf3 Bb4+ 4. Bd2 Qe7 5. Nc3 b6 6. e3 Bb7 7. Bd3 O-O 8. O-O
Bxc3 9. Bxc3 d6 10. Nd2 Nbd7 11. f3 e5 12. e4 Nh5 13. Bc2 Nf4 14. g3 Ng6 15. d5
Qg5 16. Nb3 a5 17. Bd2 Qe7 18. f4 a4 19. Nc1 exf4 20. gxf4 Nc5 21. Qf3 f5 22.
exf5 Nh4 23. Qg4 Bc8 24. Re1 Qd8 25. Bc3 g6 26. b4 axb3 27. axb3 Rxa1 28. Bxa1
Bxf5 29. Bxf5 Nxf5 30. b4 Re8 31. Qd1 Nd7 32. Rxe8+ Qxe8 33. Qe2 Qe3+ 34. Qxe3
Nxe3 35. Kf2 Nxc4 36. Ne2 Kf7 37. Nd4 Nf6 38. Ke2 Nxd5 39. Kd3 b5 40. Nxb5 Ncb6
41. Ke4 Ke7 42. Bd4 Kd7 43. Bxb6 Nxb6 44. Nc3 Ke6 45. Nb5 d5+ 46. Kd4 c6 47.
Nc3 Kd6 48. Nd1 Nc4 49. Nf2 Nd2 50. h3 Nf3+ 51. Ke3 Ne1 52. Kd4 Nc2+ 53. Kc3
Ne3 54. Kd4 Nf5+ 55. Kd3 h6 56. Ng4 h5 57. Nf6 Ng7 58. Nh7 Ne6 59. Ke3 c5 60.
bxc5+ Kxc5 61. Nf6 d4+ 62. Ke4 Kc4 63. f5 Nc5+ 64. Kf3 gxf5 65. Nxh5 Ne6 66.
Ng3 Ng5+ 67. Kf4 Nxh3+ 68. Kxf5 d3 69. Ne4 Kd4 70. Nd2 Ke3 71. Nf1+ Ke2 72.
Ng3+ Ke1 73. Ne4 Nf2 74. Nc3 Kd2 75. Nd5 Kd1 76. Kf4 d2 77. Ke3 Kc2 78. Kxf2
1/2-1/2

[Event "II Festival il Mare d'Inverno A"]
[Site "Gabicce Mare ITA"]
[Date "2013.01.05"]
[Round "7"]
[White "Guzzetti, Luigi Enrico"]
[Black "Cavatorta, Fosco"]
[WhiteElo "1917"]
[BlackElo "1930"]
[Result "1/2-1/2"]
[PlyCount "106"]
[EventDate "2013.01.02"]

1. e4 d6 2. d4 Nf6 3. Bd3 Nc6 4. c3 e5 5. d5 Ne7 6. Nf3 g6 7. Nbd2 Bg7 8. O-O
O-O 9. Re1 Ne8 10. Nf1 Bg4 11. Ne3 Bd7 12. Bd2 Bh6 13. h3 f5 14. exf5 gxf5 15.
Nh2 Ng7 16. Nef1 Bxd2 17. Qxd2 Ng6 18. g3 Rf6 19. c4 Kh8 20. Rac1 Qg8 21. Rc3
Raf8 22. Re2 Nh5 23. Kh1 e4 24. Bc2 Ne5 25. c5 Bb5 26. Re1 Qg7 27. a4 Bxf1 28.
Rxf1 Rh6 29. h4 f4 30. Bxe4 fxg3 31. Rg1 Rhf6 32. fxg3 Rf2 33. Qc1 Rxh2+ 34.
Kxh2 Ng4+ 35. Kh1 Nf2+ 36. Kh2 Nxe4 37. Re3 Rf2+ 38. Rg2 Rxg2+ 39. Kxg2 Nhf6
40. cxd6 Nxd6 41. Qd1 Qf7 42. Re6 Nfe4 43. Qd4+ Kg8 44. Rxe4 Nxe4 45. Qxe4 Qf6
46. Qg4+ Kf7 47. b4 Qb2+ 48. Kf3 Qb1 49. Qe6+ Kg7 50. Qe7+ Kg6 51. Qe8+ Kf6 52.
Qd8+ Kg6 53. Qg8+ Kf6 1/2-1/2

[Event "II Festival il Mare d'Inverno A"]
[Site "Gabicce Mare ITA"]
[Date "2013.01.05"]
[Round "7"]
[White "Rebeggiani, Andrea"]
[Black "Sanguinetti, Edoardo"]
[WhiteElo "1912"]
[BlackElo "1986"]
[Result "1-0"]
[PlyCount "151"]
[EventDate "2013.01.02"]

1. d4 f5 2. Nf3 Nf6 3. c4 g6 4. Nc3 Bg7 5. e3 O-O 6. b4 d6 7. Qb3 Kh8 8. Bb2 c6
9. Be2 Qe8 10. O-O Be6 11. d5 Bf7 12. Rfd1 Nbd7 13. a4 h6 14. Nd4 Rc8 15. a5 e5
16. dxc6 bxc6 17. Nf3 e4 18. Ne1 d5 19. cxd5 cxd5 20. Qa4 Ng4 21. Rac1 Nb8 22.
Qa3 Qe5 23. Bxg4 fxg4 24. Na4 Qf5 25. Bxg7+ Kxg7 26. Qb2+ Kh7 27. Nc2 Nc6 28.
Nd4 Nxd4 29. Rxc8 Nf3+ 30. gxf3 Rxc8 31. f4 g5 32. fxg5 hxg5 33. Rc1 g3 34.
Rxc8 Qxc8 35. fxg3 Bh5 36. Nc5 Qf5 37. Qd2 Qe5 38. Nb3 Be8 39. Nd4 a6 40. Qf2
Qc7 41. Qc2 Qf7 42. g4 Qd7 43. h3 Qd6 44. Nf5 Qe5 45. Kg2 Bd7 46. Nd4 Kg6 47.
Qc5 Kf7 48. Qb6 Bb5 49. Qb7+ Kg8 50. Qc8+ Kg7 51. Nf5+ Kh7 52. Qb7+ Kh8 53.
Qc8+ Be8 54. Nd4 Kg7 55. Qf5 Qe7 56. Qxd5 Qxb4 57. Qxg5+ Bg6 58. Qe5+ Kh7 59.
Qc7+ Kh8 60. Qd8+ Kh7 61. Qd7+ Kg8 62. Qd8+ Kh7 63. Qc7+ Kg8 64. Qd8+ Kh7 65.
Qc7+ Kg8 66. Qc6 Qd2+ 67. Kf1 Qd1+ 68. Kf2 Qd2+ 69. Ne2 Bf7 70. Qc8+ Kg7 71.
Qc3+ Qxc3 72. Nxc3 Kg6 73. Kg3 Bc4 74. Nxe4 Bd3 75. Kf4 Bf1 76. h4 1-0

[Event "II Festival il Mare d'Inverno A"]
[Site "Gabicce Mare ITA"]
[Date "2013.01.05"]
[Round "7"]
[White "Rovedi, Mauro"]
[Black "Lantini, Marco"]
[WhiteElo "2049"]
[BlackElo "2186"]
[Result "1-0"]
[PlyCount "63"]
[EventDate "2013.01.02"]

1. f4 d5 2. Nf3 g6 3. g3 Bg7 4. Bg2 Nh6 5. O-O O-O 6. c3 Nd7 7. d3 c6 8. e4
dxe4 9. dxe4 Qb6+ 10. Kh1 e5 11. f5 gxf5 12. exf5 Nxf5 13. Qe2 c5 14. Nbd2 Qg6
15. Nc4 Re8 16. Ng5 Nf6 17. Ne4 Nh6 18. Nxf6+ Bxf6 19. Be4 Bg4 20. Qe3 Nf5 21.
Qe1 Rad8 22. Ne3 Nxe3 23. Bxg6 Nxf1 24. Bxh7+ Kg7 25. Bc2 Bf3+ 26. Kg1 Nxh2 27.
Be4 Rd1 28. Bh6+ Kxh6 29. Rxd1 Bxd1 30. Qxd1 Rd8 31. Qe2 Bg5 32. Qxh2+ 1-0

[Event "II Festival il Mare d'Inverno A"]
[Site "Gabicce Mare ITA"]
[Date "2013.01.05"]
[Round "7"]
[White "Ruck, Robert"]
[Black "Petkov, Vladimir"]
[WhiteElo "2571"]
[BlackElo "2564"]
[Result "1/2-1/2"]
[PlyCount "90"]
[EventDate "2013.01.02"]

1. Nf3 d5 2. d4 Nf6 3. c4 e6 4. Nc3 Bb4 5. Bg5 h6 6. Bxf6 Qxf6 7. e3 O-O 8. Rc1
dxc4 9. Bxc4 c5 10. dxc5 Nd7 11. c6 Nb6 12. Bd3 bxc6 13. O-O Bxc3 14. Rxc3 Nd5
15. Rb3 a5 16. Qc1 a4 17. Ra3 Ba6 18. Bxa6 Rxa6 19. Nd4 Rb8 20. b3 e5 21. Nf3
Rba8 22. bxa4 e4 23. Nd2 Rxa4 24. Nxe4 Qg6 25. Rxa4 Rxa4 26. Nc3 Nxc3 27. Qxc3
Rxa2 28. h3 Rc2 29. Qe5 Rd2 30. Rc1 Kh7 31. g4 Rd5 32. Qf4 Qe6 33. Rc4 c5 34.
Qe4+ Qxe4 35. Rxe4 Rd7 36. Re5 Rc7 37. Kf1 Kg6 38. Ke2 f6 39. Rd5 c4 40. Kd2
Ra7 41. Kc3 Ra2 42. Rf5 Ra4 43. Kd4 Kf7 44. Rc5 Ra2 45. f3 Rh2 1/2-1/2

[Event "II Festival il Mare d'Inverno A"]
[Site "Gabicce Mare ITA"]
[Date "2013.01.05"]
[Round "7"]
[White "Santeramo, Alessia Carmen"]
[Black "Fronzi, Ettore"]
[WhiteElo "1893"]
[BlackElo "1925"]
[Result "1-0"]
[PlyCount "135"]
[EventDate "2013.01.02"]

1. e4 e6 2. d4 d5 3. Nc3 dxe4 4. Nxe4 Bd7 5. Nf3 Bc6 6. Bd3 Nd7 7. Qe2 Ngf6 8.
Nxf6+ Nxf6 9. Bg5 Be7 10. O-O-O Bxf3 11. Qxf3 c6 12. Be3 O-O 13. h4 Qd5 14.
Qxd5 cxd5 15. Rdg1 Nd7 16. g4 Rfc8 17. g5 Nb6 18. h5 Bf8 19. Bf4 a6 20. Rh3 Re8
21. g6 fxg6 22. Bxg6 Re7 23. Bd3 Rf7 24. Be5 Nd7 25. h6 Nxe5 26. Bxh7+ Kh8 27.
hxg7+ Rxg7 28. Rxg7 Nd3+ 29. Bxd3+ Kxg7 30. Rh7+ Kf6 31. Rxb7 Bh6+ 32. Kd1 a5
33. Rb5 Bg5 34. a3 Bh6 35. b3 Bf8 36. a4 Bb4 37. c4 dxc4 38. bxc4 Rd8 39. d5
exd5 40. cxd5 Rd6 41. f3 Ke5 42. Be4 Rh6 43. Rb8 Rh2 44. Re8+ Kf4 45. Ra8 Rd2+
46. Kc1 Rf2 47. Ra6 Ba3+ 48. Kd1 Bb4 49. Kc1 Rd2 50. Rb6 Rd4 51. Kc2 Rd2+ 52.
Kb3 Rd4 53. Ra6 Ke5 54. Re6+ Kf4 55. Rc6 Ke5 56. Re6+ Kf4 57. Rf6+ Ke5 58. Rc6
Bd2 59. Rc4 Rxc4 60. Kxc4 Bb4 61. Kb5 Kf4 62. Kb6 Ke5 63. Kc6 Ba3 64. Bd3 Bb4
65. Be2 Ba3 66. Bc4 Bb4 67. f4+ Kxf4 68. d6 1-0

[Event "II Festival il Mare d'Inverno A"]
[Site "Gabicce Mare ITA"]
[Date "2013.01.05"]
[Round "7"]
[White "Szabo, Bence"]
[Black "Bodiroga, Predrag"]
[WhiteElo "2366"]
[BlackElo "2387"]
[Result "1/2-1/2"]
[PlyCount "27"]
[EventDate "2013.01.02"]

1. Nf3 Nf6 2. c4 e6 3. Nc3 d5 4. d4 c5 5. cxd5 Nxd5 6. g3 cxd4 7. Nxd5 Qxd5 8.
Qxd4 Qxd4 9. Nxd4 Bb4+ 10. Bd2 Bxd2+ 11. Kxd2 Ke7 12. Bg2 Rd8 13. Ke3 Nd7 14.
Rad1 1/2-1/2

[Event "II Festival il Mare d'Inverno A"]
[Site "Gabicce Mare ITA"]
[Date "2013.01.05"]
[Round "7"]
[White "Tazzioli, Luca"]
[Black "Mondal, Prince"]
[WhiteElo "1933"]
[BlackElo "1938"]
[Result "1-0"]
[PlyCount "63"]
[EventDate "2013.01.02"]

1. e4 c5 2. Nf3 d6 3. d3 Nc6 4. g3 g6 5. Bg2 Bg7 6. O-O e6 7. c3 Nge7 8. Re1
O-O 9. Nbd2 Rb8 10. Nf1 b5 11. d4 Qc7 12. a3 a5 13. h4 h6 14. N1h2 f5 15. exf5
Nxf5 16. dxc5 dxc5 17. Bf4 e5 18. Qd5+ Kh7 19. Nxe5 Nxe5 20. Rxe5 Qb6 21. Qxc5
Bxe5 22. Qxf8 Bxf4 23. gxf4 Be6 24. Qf6 Bc4 25. Qe5 Rf8 26. Rd1 Qf6 27. Rd7+
Kh8 28. Ng4 Qxe5 29. fxe5 Nxh4 30. Nf6 Bg8 31. Bd5 Nf3+ 32. Bxf3 1-0

[Event "II Festival il Mare d'Inverno A"]
[Site "Gabicce Mare ITA"]
[Date "2013.01.05"]
[Round "7"]
[White "Vesce, Emanuele"]
[Black "Lucchi, Lorenzo"]
[WhiteElo "1891"]
[BlackElo "2101"]
[Result "0-1"]
[PlyCount "86"]
[EventDate "2013.01.02"]

1. e4 d6 2. d4 g6 3. Nc3 Bg7 4. h4 h6 5. Nf3 Nd7 6. Bc4 e6 7. Be3 a6 8. a4 Ne7
9. Qe2 b6 10. O-O Bb7 11. Rad1 Nf6 12. e5 Nfd5 13. Nxd5 Nxd5 14. Bc1 dxe5 15.
dxe5 O-O 16. h5 Qe8 17. hxg6 fxg6 18. Bd3 Nf4 19. Bxf4 Rxf4 20. Qe3 g5 21. Be2
Bf8 22. Qc3 Bc5 23. Nd4 Rd8 24. Nb3 Rxd1 25. Bxd1 Bb4 26. Qxc7 Qc6 27. Qxc6
Bxc6 28. c3 Bf8 29. Nd4 Bd5 30. Be2 a5 31. g3 Re4 32. Bf3 Rxd4 33. cxd4 Bxf3
34. Rc1 Kf7 35. Rc8 Bb4 36. Rb8 Kg6 37. Rxb6 Kf5 38. Kf1 g4 39. Rb8 Bd5 40. Ke2
Ke4 41. Rg8 Bc4+ 42. Kd1 Kd3 43. Rxg4 Bd2 0-1

[Event "II Festival il Mare d'Inverno A"]
[Site "Gabicce Mare ITA"]
[Date "2013.01.06"]
[Round "8"]
[White "Altini, Daniele"]
[Black "Capaliku, Aleks"]
[WhiteElo "2283"]
[BlackElo "2137"]
[Result "0-1"]
[PlyCount "46"]
[EventDate "2013.01.02"]

1. d4 f5 2. Bf4 Nf6 3. e3 e6 4. Bd3 b6 5. Nf3 Bb7 6. O-O d5 7. c4 c6 8. Nc3 Bd6
9. cxd5 cxd5 10. Bxd6 Qxd6 11. Nb5 Qe7 12. Rc1 Na6 13. Qa4 O-O 14. Nd6 Qxd6 15.
Bxa6 Bxa6 16. Qxa6 f4 17. exf4 Qxf4 18. Rc6 Ne4 19. Qb7 Nd2 20. Nxd2 Qxd2 21.
Rxe6 Qxd4 22. Re7 Rae8 23. Rd7 Qxf2+ 0-1

[Event "II Festival il Mare d'Inverno A"]
[Site "Gabicce Mare ITA"]
[Date "2013.01.06"]
[Round "8"]
[White "Bisi, Samuele"]
[Black "Miracola, Massimiliano"]
[WhiteElo "2054"]
[BlackElo "2143"]
[Result "1-0"]
[PlyCount "69"]
[EventDate "2013.01.02"]

1. d4 Nf6 2. c4 g6 3. Nc3 Bg7 4. e4 d6 5. f3 O-O 6. Be3 a6 7. Qd2 Nc6 8. Nge2
Rb8 9. Nc1 e5 10. d5 Nd4 11. Nb3 c5 12. dxc6 bxc6 13. Nxd4 exd4 14. Bxd4 d5 15.
exd5 cxd5 16. cxd5 Rb4 17. Rd1 Ne4 18. Nxe4 Rxd4 19. Qxd4 Bxd4 20. Rxd4 Qb6 21.
Rd2 f5 22. Nc3 Re8+ 23. Be2 Qc5 24. Kd1 Bb7 25. Kc2 Rd8 26. Rhd1 Rd6 27. Kb1
Bc8 28. Rd4 Qb6 29. R1d2 Bd7 30. Nd1 Bb5 31. Bxb5 axb5 32. Nc3 Kg7 33. a3 Qc5
34. g3 g5 35. g4 1-0

[Event "II Festival il Mare d'Inverno A"]
[Site "Gabicce Mare ITA"]
[Date "2013.01.06"]
[Round "8"]
[White "Bjerke, Silje"]
[Black "Drazic, Sinisa"]
[WhiteElo "2210"]
[BlackElo "2471"]
[Result "0-1"]
[PlyCount "120"]
[EventDate "2013.01.02"]

1. e4 e6 2. d4 c5 3. d5 exd5 4. exd5 d6 5. Nc3 Be7 6. h3 Nf6 7. Nf3 O-O 8. Be2
Re8 9. O-O Nbd7 10. Bf4 Nf8 11. Nd2 Ng6 12. Bh2 Bf8 13. a4 a6 14. Re1 Qc7 15.
a5 Bd7 16. Nc4 Ne4 17. Na4 Rad8 18. Nab6 Bb5 19. Bd3 Nf6 20. Qd2 Bxc4 21. Bxc4
Nd7 22. Nxd7 Qxd7 23. Rxe8 Rxe8 24. Re1 Rxe1+ 25. Qxe1 Be7 26. Bd3 Bf6 27. Bxg6
hxg6 28. b3 Kf8 29. Kf1 Be7 30. g4 Qb5+ 31. Kg2 c4 32. bxc4 Qxc4 33. Qd2 Ke8
34. Bf4 Kd7 35. Be3 Bd8 36. Kg1 Qb5 37. Qd4 Qxa5 38. c4 Bf6 39. Qf4 Qa1+ 40.
Kg2 Qe5 41. Qxe5 Bxe5 42. Kf3 a5 43. Ke4 a4 44. Bc1 g5 45. Kf5 f6 46. Kg6 Kc7
47. Kxg7 b5 48. cxb5 Kb6 49. Kg6 Kxb5 50. Kh5 Kc4 51. h4 gxh4 52. Kxh4 Kb3 53.
f4 Bb2 54. Bxb2 Kxb2 55. g5 fxg5+ 56. fxg5 a3 57. g6 a2 58. g7 a1=Q 59. g8=Q
Qh1+ 60. Kg5 Qg2+ 0-1

[Event "II Festival il Mare d'Inverno A"]
[Site "Gabicce Mare ITA"]
[Date "2013.01.06"]
[Round "8"]
[White "Bodiroga, Predrag"]
[Black "Caprio, Guido"]
[WhiteElo "2387"]
[BlackElo "2409"]
[Result "1-0"]
[PlyCount "41"]
[EventDate "2013.01.02"]

1. d4 Nf6 2. c4 e6 3. Nf3 d5 4. Nc3 dxc4 5. e3 a6 6. a4 b6 7. Bxc4 Bb7 8. O-O
Nbd7 9. Qe2 Bb4 10. Rd1 O-O 11. Bd2 Qe7 12. Be1 e5 13. dxe5 Nxe5 14. Nxe5 Qxe5
15. f3 Rae8 16. Rd3 Nh5 17. Nd5 Bd6 18. g3 b5 19. axb5 axb5 20. Bb3 c5 21. Ra7
1-0